| 000 | 00806nam a2200193 a 4500 | ||
|---|---|---|---|
| 005 | 20140311163021.0 | ||
| 008 | 121030s19uu xx 00 eng d | ||
| 020 | _a9780071745475 | ||
| 100 | _aMuschla, Gary Robert | ||
| 245 |
_aMastering grammar / _cGary Robert Muschla. |
||
| 260 |
_aNew York, United States : _bMcGraw-Hill, _c2011. |
||
| 300 | _a xii, 244 p. | ||
| 440 | _aPractice makes perfect (McGraw-Hill Companies) | ||
| 500 | _a"A version of this book was previously published under the title Teach terrific grammar, grades 6-8"--T.p. verso. | ||
| 520 | _aHelpful instruction and plenty of practice for students grades 6-8 to expand their grammar and vocabulary skills | ||
| 650 |
_aEnglish language _xGrammar |
||
| 650 |
_aEnglish language _xGrammar _xProblems, exercises, etc. |
||
| 942 | _cBK | ||
| 999 |
_c39475 _d39475 |
||